Corpus linguistics for Korean language learning and teaching /

Bibliographic Details
Other Authors: Bley-Vroman, Robert, Ko, Hyunsook
Format: Book
Language:English
Published: Honolulu : National Foreign Language Resource Center, University of Hawai'i at Manoa : [2005]
Series:NFLRC technical report ; no. 26.
Subjects:

MARC

Tag First Indicator Second Indicator Subfields
LEADER 00000cam a2200000 a 4500
001 in00002120621
005 20151103063049.0
008 060421s2005 hiu b 000 0 eng d
020 |a 0824830628 
035 |a (OCoLC)ocm67293044 
040 |a UUM  |c UUM  |d TXA  |d UtOrBLW 
049 |a TXAM 
090 |a PL908.5  |b .C67 2005 
245 0 0 |a Corpus linguistics for Korean language learning and teaching /  |c edited by Robert Bley-Vroman, HyunSook Ko. 
264 1 |a Honolulu :  |b National Foreign Language Resource Center, University of Hawai'i at Manoa :  |c [2005] 
264 2 |a Honolulu :  |b Distributed by University of Hawaii Press, 
264 4 |c ©2005 
300 |a 265 pages ;  |c 23 cm. 
336 |a text  |b txt  |2 rdacontent 
337 |a unmediated  |b n  |2 rdamedia 
338 |a volume  |b nc  |2 rdacarrier 
490 1 |a NFLRC technical report ;  |v no. 26 
504 |a Includes bibliographical references. 
650 0 |a Computational linguistics. 
650 0 |a Korean language  |x Study and teaching. 
650 0 |a Korean language  |x Data processing. 
700 1 |a Bley-Vroman, Robert. 
700 1 |a Ko, Hyunsook. 
830 0 |a NFLRC technical report ;  |v no. 26. 
948 |a cataloged  |b h  |c 2006/4/24  |d c  |e dmitchel  |f 8:00:00 am 
994 |a C0  |b TXA 
999 |a MARS 
999 f f |s 0b6ebc41-8524-3408-a6fe-2c66eff705ac  |i 80ab0183-87cf-35e3-8121-c75345623f27  |t 0 
952 f f |p normal  |a Texas A&M University  |b College Station  |c Sterling C. Evans Library  |d Evans: Library Stacks  |t 0  |e PL908.5 .C67 2005  |h Library of Congress classification  |i unmediated -- volume  |m A14832729776 
998 f f |a PL908.5 .C67 2005  |t 0  |l Evans: Library Stacks